Nejčastější otázky a problémy výzkumu reklamy

Meranie účinku reklamy. Pre-test - na minimalizáciu rizika a zvýšenie účinku reklamy. Kvalitatívne a kvantitatívne poňatie merania účinku reklamy. Ako maximalizovať účinok reklamy. Optimalizácia frekvencie a dosahu reklamy. Faktory ovplyvňujúce propagačný účinok reklamy. Dôsledky a prínos pre teóriu...

Full description

Saved in:
Bibliographic Details
Main Author: Juříková, Martina
Format: Book Chapter
Language:Czech
Subjects:
Tags: Add Tag
No Tags, Be the first to tag this record!

MARC

LEADER 00000naa$a2200000$$$4500
001 0037623
005 20231114075222.6
041 0 |a cze 
044 |a CZ 
245 1 0 |a Nejčastější otázky a problémy výzkumu reklamy  |c Martina Juříková 
520 |a Meranie účinku reklamy. Pre-test - na minimalizáciu rizika a zvýšenie účinku reklamy. Kvalitatívne a kvantitatívne poňatie merania účinku reklamy. Ako maximalizovať účinok reklamy. Optimalizácia frekvencie a dosahu reklamy. Faktory ovplyvňujúce propagačný účinok reklamy. Dôsledky a prínos pre teóriu a prax. 
610 2 0 |a reklama 
610 2 0 |a efektívnosť 
610 2 0 |a meranie 
610 2 0 |a výskum 
610 2 0 |a spotrebitelia 
610 2 0 |a motivácia 
610 2 0 |a nákup 
100 1 |a Juříková, Martina